European Continental Competitions Final 4s: 2022-2026 - Statistics

General Stats
  • This quiz has been taken 11 times
  • The average score is 49 of 60
Answer Stats
Season Competition Nation Club % Correct
2022/23 Champions League Italy AC Milan
100%
2024/25 Champions League England Arsenal
100%
2025/26 Champions League England Arsenal
100%
2023/24 Conference League England Aston Villa
100%
2025/26 Europa League England Aston Villa
100%
2025/26 Champions League Spain Atletico Madrid
100%
2024/25 Champions League Spain Barcelona
100%
2024/25 Europa League Norway Bodo/Glimt
100%
2022/23 Champions League Italy Inter Milan
100%
2024/25 Champions League Italy Inter Milan
100%
2022/23 Europa League Italy Juventus
100%
2021/22 Champions League England Manchester City
100%
2022/23 Champions League England Manchester City
100%
2023/24 Champions League France PSG
100%
2024/25 Champions League France PSG
100%
2025/26 Champions League France PSG
100%
2021/22 Champions League Spain Real Madrid
100%
2022/23 Champions League Spain Real Madrid
100%
2023/24 Champions League Spain Real Madrid
100%
2022/23 Europa League Spain Sevilla
100%
2024/25 Europa League England Tottenham
100%
2022/23 Europa League Germany Bayer Leverkusen
88%
2023/24 Europa League Germany Bayer Leverkusen
88%
2023/24 Champions League Germany Bayern Munich
88%
2025/26 Champions League Germany Bayern Munich
88%
2023/24 Champions League Germany Borussia Dortmund
88%
2024/25 Conference League England Chelsea
88%
2025/26 Conference League England Crystal Palace
88%
2021/22 Europa League Germany Eintracht Frankfurt
88%
2021/22 Conference League Netherlands Feyenoord
88%
2021/22 Champions League England Liverpool
88%
2024/25 Europa League England Manchester United
88%
2021/22 Conference League France Marseille
88%
2023/24 Europa League France Marseille
88%
2024/25 Conference League Spain Real Betis
88%
2021/22 Conference League Italy Roma
88%
2022/23 Europa League Italy Roma
88%
2023/24 Europa League Italy Roma
88%
2021/22 Champions League Spain Villarreal
88%
2021/22 Europa League England West Ham
88%
2022/23 Conference League England West Ham
88%
2023/24 Europa League Italy Atalanta
75%
2022/23 Conference League Switzerland Basel
75%
2025/26 Europa League Portugal Braga
75%
2022/23 Conference League Italy Fiorentina
75%
2023/24 Conference League Italy Fiorentina
75%
2024/25 Conference League Italy Fiorentina
75%
2025/26 Europa League England Nottingham Forest
75%
2023/24 Conference League Greece Olympiacos
75%
2024/25 Europa League Spain Athletic Bilbao
63%
2023/24 Conference League Belgium Club Brugge
63%
2025/26 Europa League Germany Freiburg
63%
2021/22 Europa League Scotland Rangers
63%
2022/23 Conference League Netherlands AZ Alkmaar
50%
2021/22 Conference League England Leicester
50%
2025/26 Conference League France Strasbourg
50%
2021/22 Europa League Germany RB Leipzig
25%
2025/26 Conference League Ukraine Shaktar Donetsk
25%
2024/25 Conference League Sweden Djurgardens
13%
2025/26 Conference League Spain Rayo Vallencano
0%
No matching quizzes found
Score Distribution
Percent of People with Each Score
Percentile by Number Answered
Your Score History
You have not taken this quiz